MARC
LEADER
00000nam0a2200000 4500
001
349565
005
20231102010221.0
035
|a (RuTPU)RU\TPU\retro\2221
090
|a 349565
100
|a 20180628d1915 m y0rusy50 ca
101
0
|a eng
102
|a GB
|a US
105
|a a j 001zy
200
1
|a A Text-Book of Geology
|e for use in universities, collleges, schools of science, etc and for the general reader
210
|a New York
|c John Wiley and Sons, Inc.
|a London
|c Chapman & Hall
|d 1915
215
|a 1051 p.
|c il.
|e map
320
|a Index: p. 1015-1051
464
|t Part 1 : Physical Geology
|f L. V. Pirsson
464
|t Part 2 : Historical Geology
|f C. Schuchert
606
1
|a Геология
|2 stltpush
|3 (RuTPU)RU\TPU\subj\6095
|9 34054
610
1
|a физическая геология
610
1
|a историческая геология
610
1
|a учебники
610
1
|a динамическая геология
610
1
|a структурная геология
675
|a 55(07)
|v 4
801
1
|a RU
|b 63413507
|c 20180628
801
2
|a RU
|b 63413507
|c 20230623
|g RCR
942
|c BK